000 00953nam a2200277 i 4500
005 20260330151030.0
008 260330s2025 my a gr 000 1 may d
020 _a9786299828587
_cRM25.00
_qpaperback
040 _aPPAK
_beng
_cPPAK
_erda
082 0 4 _223
_a899.2333
090 0 0 _a899.2333
_bNAZ
_dK
100 0 _aNazuha Ghazali Lee,
_eauthor.
245 1 0 _aKASUT BARU RAMZi /
_bPENULiS: SiTi NAZUHA GHAZALi LEE ; iLLUSTRATOR: MASTURA
264 1 _aBandar Baru Bangi, Selangor :
_bVito Print PLT,
_c[2025?]
300 _a1 volume, unnumbered pages :
_bcolour illustrations ;
_c22 cm
336 _atext
_2rdacontent
337 _aunmediated
_2rdamedia
338 _avolume
_2rdacarrier
490 1 _aSIRI PALESTIN
650 1 0 _aChildren's stories, Malay
650 2 0 _aMalay fiction
650 2 0 _aDidactic fiction, Malay
700 0 _aMastura,
_eillustrator.
830 0 _aSiri Palestin
942 _2ddc
_cB
999 _c203582
_d203582